[Event "Druzynowe Mistrzostwa Polski - II liga"]
[Site "Sypniewo k. Jastrowia"]
[Date "1899-12-30"]
[Round "1.1"]
[White "Gumula, Daniel"]
[Black "Jaworski, Miroslaw"]
[Result "1-0"]
[WhiteTitle "FM"]
[BlackTitle "IM"]
[WhiteElo "2163"]
[BlackElo "2185"]

1. c4 e6 2. Nf3 d5 3. e3 Nf6 4. b3 Be7 5. Bb2 O-O 6. Qc2 c5 7. Bd3 h6 8. Rg1 Nc6
9. a3 d4 10. g4 Ne8 11. Be4 Bf6 12. h4 d3 13. Qc1 Bxb2 14. Qxb2 Nf6 15. Nc3 Nxe4
16. Nxe4 Qe7 17. g5 e5 18. gxh6 g6 19. O-O-O Kh8 20. Rg5 Bf5 21. Ng3 f6 22. Nxf5
gxf5 23. Rg7 Rf7 24. Rdg1 Raf8 25. h5 Qe6 26. R1g6 Qd7 27. Rxf6 Rxg7 28. Rxf8+
Rg8 29. Nxe5 Kh7 30. Rxg8 1-0

[Event "Druzynowe Mistrzostwa Polski - II liga"]
[Site "Sypniewo k. Jastrowia"]
[Date "1899-12-30"]
[Round "1.2"]
[White "Wieczorek, Zbigniew"]
[Black "Garbowski, Jakub"]
[Result "0-1"]
[WhiteTitle "FM"]
[BlackTitle "k"]
[WhiteElo "2185"]
[BlackElo "2142"]

1. Nf3 Nf6 2. b3 d6 3. d4 g6 4. Bb2 Bg7 5. Nbd2 Nbd7 6. e4 e5 7. dxe5 Ng4 8. Nc4
Ngxe5 9. Nfxe5 dxe5 10. Qd5 O-O 11. Rd1 c6 12. Qd3 Qc7 13. Ba3 Re8 14. Qd6 Qd8
15. Qd2 Qf6 16. Qa5 Nf8 17. Be2 Ne6 18. Nb6 axb6 19. Qxa8 Nd4 20. Bd3 Bd7 21.
Qxb7 Bg4 22. h3 Bxd1 23. Kxd1 Qg5 24. f4 Qxg2 25. Rf1 Nxc2 26. Qd7 Ne3+ 27. Ke1
Ra8 28. Bc1 Nxf1 29. Bc4 Qxe4+ 30. Kxf1 Qh1+ 31. Ke2 Qxc1 0-1

[Event "Druzynowe Mistrzostwa Polski - II liga"]
[Site "Sypniewo k. Jastrowia"]
[Date "1899-12-30"]
[Round "1.3"]
[White "Kolosowski, Pawel"]
[Black "Helis, Tadeusz"]
[Result "1/2-1/2"]
[WhiteTitle "m"]
[BlackTitle "FM"]
[WhiteElo "2148"]
[BlackElo "2095"]

1. e4 c5 2. Nc3 Nc6 3. g3 g6 4. Bg2 Bg7 5. d3 d6 6. Be3 Nd4 7. Qd2 Qa5 8. f4 e6
9. Nf3 Ne7 10. O-O O-O 11. Nd5 Qd8 12. Nxe7+ Qxe7 13. c3 1/2-1/2

[Event "Druzynowe Mistrzostwa Polski - II liga"]
[Site "Sypniewo k. Jastrowia"]
[Date "1899-12-30"]
[Round "1.4"]
[White "Malinowski, Damian"]
[Black "Maciol, Ryszard"]
[Result "1/2-1/2"]
[WhiteTitle "I++"]
[BlackTitle "k"]
[WhiteElo "2012"]
[BlackElo "2138"]

1. c4 e5 2. g3 Nc6 3. Nc3 Bc5 4. Bg2 Nge7 5. d3 d6 6. Nf3 a6 7. O-O Bf5 8. a3 Qd7
9. b4 Ba7 10. Bb2 Bh3 11. e3 Bxg2 12. Kxg2 O-O 13. d4 exd4 14. exd4 Nf5 15. Nd5
Rae8 16. Qd3 Nce7 17. Nxe7+ Rxe7 18. Rfe1 Rfe8 19. Rxe7 Rxe7 20. Re1 1/2-1/2

[Event "Druzynowe Mistrzostwa Polski - II liga"]
[Site "Sypniewo k. Jastrowia"]
[Date "1899-12-30"]
[Round "1.5"]
[White "Stachanczyk, Jacek"]
[Black "Chrobak, Piotr"]
[Result "1-0"]
[WhiteTitle "IM"]
[BlackTitle "I"]
[WhiteElo "2152"]
[BlackElo "1692"]

1. e4 c5 2. Nf3 d6 3. d4 cxd4 4. Nxd4 Nf6 5. Nc3 g6 6. Be3 Bg7 7. f3 O-O 8. Qd2
Nc6 9. O-O-O d5 10. Qe1 e5 11. Nxc6 bxc6 12. exd5 Nxd5 13. Bc4 Be6 14. Ne4 Qb8
15. Bc5 Rd8 16. Kb1 h6 17. g4 f5 18. gxf5 gxf5 19. Ng3 Nf4 20. Bxe6+ Nxe6 21.
Rxd8+ Qxd8 22. Nxf5 Nxc5 23. Nxg7 1-0

[Event "Druzynowe Mistrzostwa Polski - II liga"]
[Site "Sypniewo k. Jastrowia"]
[Date "1899-12-30"]
[Round "1.6"]
[White "Suchanek, Paulina"]
[Black "Pluta, Natalia"]
[Result "1-0"]
[WhiteTitle "I"]
[BlackTitle "I++"]
[WhiteElo "1547"]
[BlackElo "1832"]

1. d4 d5 2. c4 e6 3. Nc3 c6 4. e4 dxe4 5. Nxe4 Bb4+ 6. Nc3 Nf6 7. Be3 O-O 8. Bd3
e5 9. Bc2 Qa5 10. Ne2 exd4 11. Qxd4 Be6 12. O-O Nbd7 13. Ne4 Nxe4 14. Qxe4 Nf6
15. Qh4 Qe5 16. Rab1 b5 17. cxb5 Bc5 18. Bxc5 Qxc5 19. Nc3 cxb5 20. a3 a5 21.
Rbc1 Rac8 22. Ne4 Qxc2 23. Nxf6+ gxf6 24. Rxc2 Rxc2 25. Qxf6 Rc5 26. h3 Rfc8 27.
Rd1 Re8 28. Rd8 Rc8 29. Rxe8+ Rxe8 30. Qg5+ Kf8 31. Qxb5 Ra8 32. Qc6 Rc8 33. Qe4
Kg8 34. b4 axb4 35. axb4 Rc4 36. Qb7 Rd4 37. Qb8+ 1-0

[Event "Druzynowe Mistrzostwa Polski - II liga"]
[Site "Sypniewo k. Jastrowia"]
[Date "1899-12-30"]
[Round "1.7"]
[White "Kowalczyk, Pawel"]
[Black "Skrobek, Ryszard"]
[Result "1-0"]
[WhiteTitle "m"]
[BlackTitle "IM"]
[WhiteElo "2339"]
[BlackElo "2316"]

1. a3 d5 2. Nf3 Nf6 3. b4 a5 4. b5 Bf5 5. e3 e6 6. Bb2 Be7 7. Be2 O-O 8. Nh4 Bg6
9. Nxg6 hxg6 10. h4 Nh7 11. h5 g5 12. h6 g6 13. c4 Bf6 14. Nc3 Nd7 15. Qc2 c6
16. a4 Re8 17. Rc1 Qe7 18. d4 Bh8 19. Bd3 f5 20. g4 Bf6 21. bxc6 bxc6 22. cxd5
cxd5 23. Nb5 Nb6 24. Ba3 Qd7 25. Qc6 Bd8 26. Qxd7 Nxd7 27. Nd6 Rf8 28. Bb5 Ndf6
29. gxf5 gxf5 30. Ke2 g4 31. Rc6 Ng5 32. Nb7 Rf7 33. Nc5 Be7 34. Bb2 Bxc5 35.
dxc5 Kh7 36. Be5 Nfe4 37. Rc1 Kxh6 38. Rb6 Kg6 39. c6 Rh7 40. c7 g3 41. c8=Q Rxc8
42. Rxc8 1-0

[Event "Druzynowe Mistrzostwa Polski - II liga"]
[Site "Sypniewo k. Jastrowia"]
[Date "1899-12-30"]
[Round "1.8"]
[White "Kossobudzki, Robert"]
[Black "Velicka, Petr"]
[Result "1/2-1/2"]
[WhiteTitle "I"]
[BlackTitle "GM"]
[WhiteElo "2052"]
[BlackElo "2393"]

1. Nf3 d5 2. b4 Bg4 3. Ne5 Bh5 4. Bb2 Nd7 5. d4 e6 6. a3 Ngf6 7. c4 c6 8. Nd2 Be7
9. Qb3 O-O 10. h3 a5 11. g4 Bg6 12. Nxg6 hxg6 13. Bg2 axb4 14. axb4 Rxa1+ 15.
Bxa1 dxc4 16. Nxc4 Nd5 17. b5 Bb4+ 18. Kf1 cxb5 19. Bxd5 bxc4 20. Bxc4 b5 21.
Bxb5 Qa8 22. d5 Qxa1+ 23. Kg2 Qc3 24. Qxc3 Bxc3 25. Bxd7 exd5 26. Rd1 d4 27. Rd3
Rd8 28. Bb5 g5 29. Bc4 Rc8 30. Bd5 Rc5 31. e4 Kf8 32. Rd1 Rb5 33. Kg3 Ke7 34.
h4 gxh4+ 35. Kxh4 Rb2 36. Kg3 f6 37. f4 Kd6 38. Bc4 Bd2 39. Ra1 Kc5 40. Ra2 Rxa2
41. Bxa2 d3 42. e5 fxe5 43. fxe5 Kb4 44. Bd5 Bg5 45. Bc6 Kc5 46. Ba4 Kd4 47. Kf2
Bh4+ 48. Kf3 Be7 49. e6 Bd6 1/2-1/2

[Event "Druzynowe Mistrzostwa Polski - II liga"]
[Site "Sypniewo k. Jastrowia"]
[Date "1899-12-30"]
[Round "1.9"]
[White "Szotkowski, Jakub"]
[Black "Grzesik, Norbert"]
[Result "1/2-1/2"]
[WhiteTitle "IM"]
[BlackTitle "I++"]
[WhiteElo "2353"]
[BlackElo "1945"]

1. d4 Nf6 2. g3 e6 3. Bg2 d5 4. c4 Bb4+ 5. Bd2 Be7 6. Nf3 c6 7. Qc2 b6 8. O-O Nbd7
9. Rc1 Ba6 10. cxd5 cxd5 11. Nc3 O-O 12. Bf4 Qc8 13. Qa4 Qb7 14. Nb5 Bxb5 15.
Qxb5 Rac8 16. Qd3 Ne4 17. Nd2 Nxd2 18. Bxd2 f5 19. e3 Nf6 20. f3 Rxc1+ 21. Rxc1
Rc8 22. Bf1 Rxc1 23. Bxc1 Qc7 24. Qc3 Bd6 25. Kg2 Kf7 26. Bd2 Ke7 27. Bd3 Kd7
28. Bb5+ Ke7 29. Kf2 h5 30. Qxc7+ Bxc7 31. Bb4+ Bd6 32. Bxd6+ Kxd6 33. h4 Ke7
34. Ke2 Ne8 35. Bxe8 Kxe8 36. g4 g6 37. Kf2 fxg4 38. fxg4 hxg4 39. Kg3 Ke7 40.
Kxg4 Kf6 41. Kf4 b5 42. b4 a6 43. e4 dxe4 44. Kxe4 Kf7 45. d5 exd5+ 46. Kxd5 Kf6
47. Kc6 Kf5 48. Kb6 Kg4 49. Kxa6 Kxh4 50. Kxb5 g5 51. Ka5 g4 52. b5 g3 53. b6
g2 54. b7 g1=Q 55. b8=Q Qc5+ 56. Ka4 Qc2+ 57. Ka3 Kg5 58. Qg8+ Kf6 59. Kb4 Qd2+
60. Kc5 Ke7 1/2-1/2

[Event "Druzynowe Mistrzostwa Polski - II liga"]
[Site "Sypniewo k. Jastrowia"]
[Date "1899-12-30"]
[Round "1.10"]
[White "Meller, Piotr"]
[Black "Eggink, Ryszard"]
[Result "1/2-1/2"]
[WhiteTitle "I"]
[BlackTitle "m"]
[WhiteElo "2023"]
[BlackElo "2387"]

1. Nf3 Nf6 2. c4 e6 3. g3 b6 4. Bg2 Bb7 5. O-O c5 6. Nc3 Be7 7. Re1 d5 8. cxd5
exd5 9. d4 O-O 10. Bf4 Nc6 11. dxc5 bxc5 12. Ne5 Nd4 13. Nf3 Ne6 14. Be5 d4 15.
Bxf6 Bxf6 16. Na4 Rb8 17. Rc1 Ba6 18. b3 c4 19. bxc4 Qa5 20. Qc2 Rfc8 21. Nb2
Qxa2 22. Ra1 Qxb2 23. Qxb2 Rxb2 24. Rxa6 Rc7 25. Bf1 h6 26. Rea1 Rxc4 27. Ne1
Nc5 28. Rxa7 Rc3 29. R7a2 Rxa2 30. Rxa2 Rc1 31. Nd3 Nxd3 32. exd3 Kf8 33. Ra7
Rd1 34. h4 h5 35. Kg2 Re1 36. Ra2 Ke7 1/2-1/2

[Event "Druzynowe Mistrzostwa Polski - II liga"]
[Site "Sypniewo k. Jastrowia"]
[Date "1899-12-30"]
[Round "1.11"]
[White "Karwowski, Kacper"]
[Black "Paprocki, Artur"]
[Result "1-0"]
[WhiteTitle "CM"]
[BlackTitle "I"]
[WhiteElo "2230"]
[BlackElo "1842"]

1. e4 c5 2. Nf3 Nc6 3. d4 cxd4 4. Nxd4 e5 5. Nb5 a6 6. Nd6+ Bxd6 7. Qxd6 Qe7 8.
Qd1 Nf6 9. Nc3 d6 10. Be2 O-O 11. O-O h6 12. f4 Rd8 13. Kh1 exf4 14. Bxf4 Ne5
15. Qd4 Bd7 16. Rae1 Rac8 17. Bd3 Bc6 18. Nd5 Bxd5 19. exd5 Re8 20. b3 Nfd7 21.
Qe4 Nf6 22. Qf5 Qd7 23. Bxe5 Rxe5 24. Rxe5 dxe5 25. Qxe5 Qxd5 26. Qxd5 Nxd5 27.
Be4 Ne3 28. Re1 Ng4 29. Bf5 1-0

[Event "Druzynowe Mistrzostwa Polski - II liga"]
[Site "Sypniewo k. Jastrowia"]
[Date "1899-12-30"]
[Round "1.12"]
[White "Korosciel, Aneta"]
[Black "Krupa, Monika"]
[Result "1-0"]
[WhiteTitle "m"]
[BlackTitle "WGM"]
[WhiteElo "1966"]
[BlackElo "2194"]

1. d4 Nf6 2. Nf3 e6 3. Bf4 c5 4. c3 Nc6 5. e3 b6 6. Bd3 Bb7 7. h3 Rc8 8. O-O cxd4
9. exd4 Be7 10. Nbd2 d6 11. Re1 O-O 12. Bh2 Re8 13. Ne4 Nd5 14. Rc1 f5 15. Ned2
Bf6 16. Nc4 f4 17. Be4 Nce7 18. Ncd2 b5 19. Bxf4 Nxf4 20. Bxb7 Rb8 21. Be4 d5
22. Bb1 Nf5 23. Nb3 b4 24. cxb4 Nd6 25. Na5 Qb6 26. Qd2 g5 27. Rc6 Qd8 28. Kh2
Ne4 29. Bxe4 dxe4 30. Rxe4 Qd5 31. Re1 Qxa2 32. g3 Qd5 33. gxf4 Qxf3 34. fxg5
Bd8 35. Rc3 Qf5 36. Re5 Qf7 37. Nc6 Bc7 38. Nxb8 Bxb8 39. Kg2 Qb7+ 40. Kg1 Bxe5
41. dxe5 Qxb4 42. Qd7 Re7 43. Qd8+ Kg7 44. Rf3 Kg6 45. Qg8+ Kh5 46. Qf8 Kxg5 47.
Rg3+ Kh5 48. Qf3+ 1-0

[Event "Druzynowe Mistrzostwa Polski - II liga"]
[Site "Sypniewo k. Jastrowia"]
[Date "1899-12-30"]
[Round "1.13"]
[White "Schmidt, Wlodzimierz"]
[Black "Lobejko, Rafal"]
[Result "0-1"]
[WhiteTitle "GM"]
[BlackTitle "FM"]
[WhiteElo "2196"]
[BlackElo "2312"]

1. d4 d6 2. Nf3 Nf6 3. c4 g6 4. Nc3 Bg7 5. e4 O-O 6. Be2 a6 7. O-O Nc6 8. Re1 e5
9. d5 Ne7 10. b4 Ne8 11. Nd2 f5 12. c5 fxe4 13. Ndxe4 Nf5 14. Bg5 Nf6 15. Bg4
Nd4 16. Bxc8 Rxc8 17. Rc1 Qd7 18. Bxf6 Bxf6 19. Nxf6+ Rxf6 20. Ne4 Rff8 21. cxd6
cxd6 22. Rxc8 Qxc8 23. Nxd6 Qd7 24. Nc4 Qxd5 25. Nxe5 Rd8 26. a3 Qa2 27. Qd3 Ne2+
0-1

[Event "Druzynowe Mistrzostwa Polski - II liga"]
[Site "Sypniewo k. Jastrowia"]
[Date "1899-12-30"]
[Round "1.14"]
[White "Miroslaw, Michal"]
[Black "Smagalski, Slawomir"]
[Result "0-1"]
[WhiteTitle "FM"]
[BlackTitle "I++"]
[WhiteElo "2269"]
[BlackElo "1939"]

1. e4 e5 2. Nf3 Nc6 3. Bb5 a6 4. Ba4 Nf6 5. d3 b5 6. Bb3 h6 7. O-O d6 8. a4 b4
9. c3 Rb8 10. a5 Be7 11. d4 O-O 12. Be3 bxc3 13. bxc3 exd4 14. cxd4 d5 15. Ne5
Nxe5 16. dxe5 Nxe4 17. Bxd5 Nc5 18. Qf3 Be6 19. Nc3 Nb3 20. Rad1 Qc8 21. Bxe6
Qxe6 22. Nd5 Bd8 23. Qe4 Nxa5 24. Nf4 Qc6 25. Qf5 Rb5 26. Rc1 Qe8 27. Bc5 Be7
28. Qg4 Bxc5 29. Rfe1 Be7 30. Rxc7 Bd6 31. Nh5 Qxe5 0-1

[Event "Druzynowe Mistrzostwa Polski - II liga"]
[Site "Sypniewo k. Jastrowia"]
[Date "1899-12-30"]
[Round "1.15"]
[White "Swiatnicki, Andrzej"]
[Black "Panas, Pawel"]
[Result "0-1"]
[WhiteTitle "k"]
[BlackTitle "k"]
[WhiteElo "1976"]
[BlackElo "2158"]

1. e4 c5 2. Nf3 e6 3. c3 Nf6 4. e5 Nd5 5. Bc4 Nb6 6. Bb3 Nc6 7. O-O d6 8. d4 dxe5
9. dxe5 Qxd1 10. Rxd1 Bd7 11. Nbd2 h6 12. Ne4 c4 13. Bc2 Nd5 14. b3 Na5 15. Be3
b6 16. Bd4 Rc8 17. Nfd2 Be7 18. g3 O-O 19. b4 Nb7 20. Nf1 Rfd8 21. Ne3 Nxe3 22.
Bxe3 Bc6 23. Kf1 Rd5 24. f4 f6 25. exf6 gxf6 26. Rxd5 Bxd5 27. Bd4 Kf7 28. Kf2
Rd8 29. Ke3 Rd7 30. g4 Rd8 31. g5 hxg5 32. fxg5 e5 33. gxf6 exd4+ 34. cxd4 Bxf6
35. Rf1 Bxe4 36. Bxe4 Nd6 37. Bd5+ Ke7 38. Rf3 Rh8 39. h3 Rh4 0-1

[Event "Druzynowe Mistrzostwa Polski - II liga"]
[Site "Sypniewo k. Jastrowia"]
[Date "1899-12-30"]
[Round "1.16"]
[White "Polkowski, Piotr"]
[Black "Smagalski, Jaroslaw"]
[Result "0-1"]
[WhiteTitle "k"]
[BlackTitle "I"]
[WhiteElo "2153"]
[BlackElo "1850"]

1. e4 Nc6 2. Nc3 Nf6 3. f4 d6 4. Nf3 g6 5. Bb5 a6 6. Bxc6+ bxc6 7. O-O Bg7 8. d3
O-O 9. Qe1 Rb8 10. Qh4 e5 11. fxe5 dxe5 12. Kh1 Nh5 13. Qf2 Bg4 14. Rb1 f5 15.
Bg5 Qd7 16. Qc5 Bxf3 17. Rxf3 f4 18. Qe7 Qc8 19. Bh4 Rf7 20. Qc5 g5 21. Be1 g4
22. Rf1 Qe6 23. b3 Rbf8 24. Qc4 Qh6 25. Kg1 Kh8 26. Bd2 Qg6 27. Ne2 f3 28. Rf2
fxe2 29. Rxe2 g3 30. hxg3 Nxg3 0-1

[Event "Druzynowe Mistrzostwa Polski - II liga"]
[Site "Sypniewo k. Jastrowia"]
[Date "1899-12-30"]
[Round "1.17"]
[White "Walaszczyk, Witold"]
[Black "Maka, Marcin"]
[Result "0-1"]
[WhiteTitle "k"]
[BlackTitle "k"]
[WhiteElo "2019"]
[BlackElo "2086"]

1. d4 d5 2. Nf3 Nf6 3. c4 e6 4. g3 dxc4 5. Bg2 Nbd7 6. O-O c5 7. Na3 cxd4 8. Nxc4
Nb6 9. Nxb6 Qxb6 10. Nxd4 Bd7 11. Nb3 Rc8 12. Be3 Qa6 13. Qd2 b6 14. Rfd1 Be7
15. Bd4 Ba4 16. Rdc1 O-O 17. Rxc8 Rxc8 18. Rc1 Bb5 19. Rxc8+ Qxc8 20. Bc3 Bc6
21. Bxc6 Qxc6 22. Qf4 Qb7 23. Qe5 h6 24. a4 Qd7 25. Qd4 Qc6 26. a5 Ne8 27. axb6
axb6 28. Qf4 Bd6 29. Qg4 Qd5 30. Nd4 Nf6 31. Qh4 Bc5 32. e3 Ne4 33. Qf4 Ng5 34.
Qb8+ Kh7 35. h4 Nh3+ 36. Kf1 e5 0-1

[Event "Druzynowe Mistrzostwa Polski - II liga"]
[Site "Sypniewo k. Jastrowia"]
[Date "1899-12-30"]
[Round "1.18"]
[White "Fraczek, Weronika"]
[Black "Bukowska, Katarzyna"]
[Result "1-0"]
[WhiteTitle "k++"]
[BlackTitle "k++"]
[WhiteElo "1830"]
[BlackElo "1844"]

1. e4 e5 2. Nf3 Nc6 3. Bb5 a6 4. Ba4 Nf6 5. d3 b5 6. Bb3 Be7 7. Nbd2 O-O 8. Nf1
d6 9. c3 Na5 10. Bc2 c5 11. Ng3 Nc6 12. O-O Re8 13. h3 h6 14. d4 exd4 15. cxd4
cxd4 16. Nxd4 Nxd4 17. Qxd4 Be6 18. Be3 Rc8 19. Qd2 Bf8 20. a4 Qc7 21. Rfc1 Qb7
22. axb5 axb5 23. Bd4 Nd7 24. b4 g6 25. f4 Rc4 26. f5 gxf5 27. exf5 Bd5 28. f6
Ne5 29. Nf5 Qc6 30. Nxh6+ Kh8 31. Qg5 Ng6 32. Bxg6 fxg6 33. f7+ Re5 34. Rxc4 Qxc4
35. Bxe5+ dxe5 36. Qxe5+ Kh7 37. Ng4 Bxf7 38. Nf6+ Kh6 39. Ra8 Qc1+ 40. Kh2 Bg7
41. Ra7 Qc4 42. Qe3+ g5 43. Qf3 Bg6 44. Ng4+ Kh7 45. Ne5 Qd4 46. Nc6 Qd6+ 47.
Kh1 Kh6 48. Ne7 Qd4 49. Ra6 1-0

[Event "Druzynowe Mistrzostwa Polski - II liga"]
[Site "Sypniewo k. Jastrowia"]
[Date "1899-12-30"]
[Round "1.19"]
[White "Izbinski, Bartlomiej"]
[Black "Stysiak, Szymon"]
[Result "1/2-1/2"]
[WhiteTitle "m"]
[BlackTitle "k"]
[WhiteElo "2270"]
[BlackElo "2193"]

1. e4 e6 2. d4 d5 3. exd5 exd5 4. Nf3 Bg4 5. Bd3 Nc6 6. c3 Bd6 7. h3 Bh5 8. O-O
Nge7 9. Re1 Qd7 10. Na3 a6 11. b4 Bg6 12. Bf1 O-O 13. b5 axb5 14. Nxb5 f6 15.
Nh4 Rfe8 16. a4 Bf7 17. Bd3 g5 18. Nf3 Bg6 19. Bf1 Na5 20. Nxd6 Qxd6 21. Ba3 Qd7
22. Nd2 Kg7 23. Nb3 b6 24. Nxa5 bxa5 25. Ra2 Nf5 26. Rxe8 Rxe8 27. Rb2 c6 28.
Bc5 Nd6 29. f3 Nc4 30. Re2 Nd6 31. Rb2 1/2-1/2

[Event "Druzynowe Mistrzostwa Polski - II liga"]
[Site "Sypniewo k. Jastrowia"]
[Date "1899-12-30"]
[Round "1.20"]
[White "Stanisz, Patryk"]
[Black "Kowalak, Piotr"]
[Result "1-0"]
[WhiteTitle "k"]
[BlackTitle "k"]
[WhiteElo "2138"]
[BlackElo "2096"]

1. d4 d5 2. c4 c6 3. Nf3 Nf6 4. Nc3 e6 5. e3 Nbd7 6. Qc2 Bd6 7. b3 b6 8. Bd3 Bb7
9. O-O O-O 10. cxd5 exd5 11. e4 dxe4 12. Nxe4 Nxe4 13. Bxe4 Nf6 14. Bg5 h6 15.
Bh4 Rc8 16. Ne5 Be7 17. Bxf6 Bxf6 18. Rad1 Qd6 19. Rfe1 Rfd8 20. Bh7+ Kf8 21.
Bf5 Rc7 22. Bg4 Kg8 23. f4 c5 24. dxc5 Qxc5+ 25. Qxc5 bxc5 26. Rxd8+ Bxd8 27.
Nd7 f5 28. Re8+ Kf7 29. Bh5+ g6 30. Bxg6+ Kxg6 31. Rxd8 Be4 32. Ne5+ Kh5 33. Rg8
c4 34. Rg3 cxb3 35. Rh3# 1-0

[Event "Druzynowe Mistrzostwa Polski - II liga"]
[Site "Sypniewo k. Jastrowia"]
[Date "1899-12-30"]
[Round "1.21"]
[White "Kolodziejski, Piotr"]
[Black "Kaminski, Piotr"]
[Result "1-0"]
[WhiteTitle "I+"]
[BlackTitle "k"]
[WhiteElo "2048"]
[BlackElo "2109"]

1. e4 c6 2. Nf3 d5 3. d3 Bg4 4. Qe2 e6 5. g3 Nf6 6. Bg2 Bc5 7. O-O O-O 8. e5 Nfd7
9. h3 Bxf3 10. Bxf3 Bd4 11. c3 Bxe5 12. d4 Bd6 13. Bg2 e5 14. c4 exd4 15. cxd5
c5 16. Na3 Re8 17. Qd1 a6 18. Nc4 Ne5 19. Nxd6 Qxd6 20. b4 b6 21. bxc5 bxc5 22.
Ba3 Nbd7 23. Qxd4 Rac8 24. Qc3 Nb6 25. Rfd1 f5 26. Bc1 Ng6 27. h4 f4 28. h5 fxg3
29. fxg3 Ne5 30. Bf4 c4 31. Rab1 Na4 32. Qd4 Nc5 33. Bxe5 Rxe5 34. Qxc4 Rce8 35.
Qg4 Re2 36. a3 Nd7 37. h6 g6 38. Rf1 Nc5 39. Qf3 Qe7 40. d6 Qd7 41. Qxe2 Rxe2
42. Bd5+ 1-0

[Event "Druzynowe Mistrzostwa Polski - II liga"]
[Site "Sypniewo k. Jastrowia"]
[Date "1899-12-30"]
[Round "1.22"]
[White "Szmyd, Arkadiusz"]
[Black "Komendecki, Jacek"]
[Result "1-0"]
[WhiteTitle "k"]
[BlackTitle "k"]
[WhiteElo "2083"]
[BlackElo "1981"]

1. e4 c5 2. Nf3 Nc6 3. d4 cxd4 4. Nxd4 g6 5. c4 Bg7 6. Nc2 d6 7. Be2 Nh6 8. g4
f6 9. Nc3 Be6 10. f4 f5 11. exf5 gxf5 12. g5 Nf7 13. Be3 Qa5 14. Nd4 Bd7 15. Qd2
Nxd4 16. Bxd4 e5 17. Be3 Bc6 18. Rf1 O-O-O 19. Nd5 Qxd2+ 20. Kxd2 Bxd5 21. cxd5
Kb8 22. h4 Rhe8 23. Bb5 Re7 24. Rae1 Rc8 25. Rc1 Rxc1 26. Kxc1 exf4 27. Bxf4 Rc7+
28. Kb1 Rc5 29. Bd7 Ne5 30. Bxf5 Nc4 31. Bxh7 Rb5 32. b3 Na3+ 33. Kc1 Rc5+ 34.
Kd1 Rxd5+ 35. Ke2 Nb5 36. Kf3 Nc3 37. a4 b5 38. h5 bxa4 39. bxa4 Be5 40. g6 Bxf4
41. Kxf4 Re5 42. Kg4 Nd5 43. Rf8+ Kc7 44. g7 1-0

[Event "Druzynowe Mistrzostwa Polski - II liga"]
[Site "Sypniewo k. Jastrowia"]
[Date "1899-12-30"]
[Round "1.23"]
[White "Komendecki, Antoni"]
[Black "Zawierucha, Aleksander"]
[Result "0-1"]
[WhiteTitle "I++"]
[BlackTitle "k"]
[WhiteElo "1845"]
[BlackElo "1900"]

1. e4 Nf6 2. e5 Nd5 3. d4 d6 4. Nf3 Bg4 5. Be2 e6 6. h3 Bh5 7. c4 Nb6 8. exd6 cxd6
9. Nc3 Be7 10. g4 Bg6 11. h4 h6 12. Bd3 Bxd3 13. Qxd3 Nc6 14. d5 Nb4 15. Qe4 e5
16. Be3 Qd7 17. c5 dxc5 18. Nxe5 Qd6 19. Nb5 Qxe5 20. Qxe5 Nd3+ 21. Ke2 Nxe5 22.
Nc7+ Kd7 23. Nxa8 Rxa8 24. Rac1 Rc8 25. Bf4 Ng6 26. Bg3 Nxd5 27. Rhd1 Kc6 28.
h5 Ngf4+ 29. Kf3 Ne6 30. a3 Bf6 31. b4 Bb2 32. b5+ Kb6 33. Rc4 Kxb5 34. Re4 Nc3
35. Rd2 Bc1 36. a4+ Ka5 37. Rxe6 Bxd2 38. Re7 Nxa4 39. Rxb7 Ka6 40. Rxf7 c4 41.
Ke2 c3 42. Bc7 Nb2 43. Rxg7 Re8+ 0-1

[Event "Druzynowe Mistrzostwa Polski - II liga"]
[Site "Sypniewo k. Jastrowia"]
[Date "1899-12-30"]
[Round "1.24"]
[White "Gonsior, Monika"]
[Black "Lisowska, Olga"]
[Result "1-0"]
[WhiteTitle "m"]
[BlackTitle "I"]
[WhiteElo "1971"]
[BlackElo "1753"]

1. e4 c5 2. Nf3 e6 3. d4 cxd4 4. Nxd4 Nf6 5. Bd3 Qb6 6. Nb3 e5 7. Be3 Qc7 8. O-O
Nc6 9. Nc3 a6 10. Na4 b5 11. Nb6 Rb8 12. Nxc8 Qxc8 13. a3 d6 14. Rc1 Be7 15. c4
Qd7 16. cxb5 axb5 17. Qe2 O-O 18. Bxb5 Qb7 19. a4 Rfc8 20. Rxc6 Rxc6 21. Na5 1-0

[Event "Druzynowe Mistrzostwa Polski - II liga"]
[Site "Sypniewo k. Jastrowia"]
[Date "1899-12-30"]
[Round "1.25"]
[White "Nowak, Kamil"]
[Black "Sopur, Lech"]
[Result "0-1"]
[WhiteTitle "m"]
[BlackTitle "m"]
[WhiteElo "2318"]
[BlackElo "2413"]

1. e4 e5 2. Nf3 Nc6 3. Bc4 Nf6 4. Ng5 d5 5. exd5 Na5 6. d3 h6 7. Nf3 e4 8. Qe2
Nxc4 9. dxc4 Bb4+ 10. c3 Bc5 11. Nfd2 O-O 12. Nb3 Bg4 13. Qf1 Nd7 14. h3 Bh5 15.
Bf4 Re8 16. g4 e3 17. Nxc5 e2 18. Qg1 Nxc5 19. Be3 Nd3+ 20. Kxe2 Bg6 21. b3 c6
22. Nd2 cxd5 23. Qg3 d4 24. cxd4 Qxd4 25. Rhd1 Nf4+ 26. Ke1 Rad8 27. Qf3 Ng2+
28. Qxg2 Rxe3+ 29. fxe3 Qxe3+ 30. Qe2 Qg3+ 31. Qf2 Re8+ 32. Ne4 Rxe4+ 33. Kf1
Rf4 0-1

[Event "Druzynowe Mistrzostwa Polski - II liga"]
[Site "Sypniewo k. Jastrowia"]
[Date "1899-12-30"]
[Round "1.26"]
[White "Strzelecki, Jerzy"]
[Black "Daniel, Damian"]
[Result "0-1"]
[WhiteTitle "k"]
[BlackTitle "CM"]
[WhiteElo "1924"]
[BlackElo "2165"]

1. Nf3 d5 2. d4 Nf6 3. c4 e6 4. Nc3 Bb4 5. Qb3 Nc6 6. Bg5 h6 7. Bxf6 Qxf6 8. e3
dxc4 9. Bxc4 O-O 10. O-O Be7 11. Ne4 Qg6 12. Bd3 f5 13. Ng3 Qf6 14. Nxf5 Bd8 15.
Ng3 a5 16. Rac1 a4 17. Qc3 Bd7 18. Ne4 Qe7 19. Nc5 Ra7 20. Be4 Na5 21. Ne5 Be8
22. f4 b6 23. Ncd3 Qd6 24. Rfd1 Bh5 25. g4 Be8 26. Qe1 g5 27. f5 c6 28. Qg3 exf5
29. Bxf5 Re7 30. Rf1 Bc7 31. Be4 Re6 32. Rxf8+ Qxf8 33. Qg2 Qd6 34. Qf2 Rf6 35.
Bf5 Kg7 36. Rf1 c5 37. dxc5 bxc5 38. Qc2 c4 39. Nf3 cxd3 40. Bxd3 Nc6 41. Qc3
Ba5 42. Qc4 Bb6 43. Kg2 Bf7 44. Qb5 Na7 45. Qa6 Bxe3 46. Re1 Qf4 0-1

[Event "Druzynowe Mistrzostwa Polski - II liga"]
[Site "Sypniewo k. Jastrowia"]
[Date "1899-12-30"]
[Round "1.27"]
[White "Stankiewicz, Pawel"]
[Black "Gradowski, Jacek"]
[Result "1-0"]
[WhiteTitle "k"]
[BlackTitle "I+"]
[WhiteElo "2104"]
[BlackElo "2058"]

1. Nf3 Nf6 2. g3 b6 3. Bg2 Bb7 4. O-O e6 5. d3 c5 6. Nbd2 d5 7. Re1 Be7 8. e4 dxe4
9. Ng5 Qd7 10. Ngxe4 Nc6 11. Nxf6+ Bxf6 12. Ne4 Be7 13. Qg4 g6 14. Qd1 O-O-O 15.
a4 a5 16. Be3 h5 17. h4 Kb8 18. Qd2 Nd4 19. Bxd4 cxd4 20. Qf4+ Ka7 21. Qxf7 Rdf8
22. Qxg6 Rfg8 23. Qf7 Rf8 24. Qg6 Bd5 25. Qg7 Bc6 26. Re2 Rhg8 27. Qh7 Rh8 28.
Qg6 Rfg8 29. Qf7 Rf8 30. Qg7 Rhg8 31. Qh6 Qd5 32. Bh3 Bd7 33. Qh7 Bxh4 34. Nf6
Rxf6 35. Qxg8 Bc6 36. Re4 Qd6 37. Rxh4 Qd5 38. Re4 1-0

[Event "Druzynowe Mistrzostwa Polski - II liga"]
[Site "Sypniewo k. Jastrowia"]
[Date "1899-12-30"]
[Round "1.28"]
[White "Flis, Pawel"]
[Black "Rychlik, Hanna"]
[Result "1-0"]
[WhiteTitle "k+"]
[BlackTitle "k"]
[WhiteElo "1840"]
[BlackElo "2040"]

1. e4 c5 2. Nf3 d6 3. d4 cxd4 4. Nxd4 Nf6 5. Nc3 a6 6. Bg5 e6 7. f4 Nbd7 8. Qf3
Be7 9. O-O-O Qc7 10. Bd3 h6 11. Bh4 g5 12. e5 gxh4 13. exf6 Nxf6 14. f5 e5 15.
Nde2 Bd7 16. Be4 Bc6 17. Nd5 Bxd5 18. Bxd5 Nxd5 19. Rxd5 Rg8 20. f6 Bf8 21. Nc3
O-O-O 22. Rhd1 Qc4 23. R5d2 Rg4 24. Nd5 Kb8 25. Kb1 h5 26. Ne3 Qe6 27. Nxg4 hxg4
28. Qe4 Bh6 29. Rd3 Bg5 30. Qb4 Bxf6 31. Rxd6 Rxd6 32. Qxd6+ Qxd6 33. Rxd6 Bg5
34. c4 Kc7 35. Rd5 Bf4 36. h3 g3 37. Kc2 Kc6 38. Kd3 f5 39. Rd8 e4+ 40. Ke2 Bc1
41. Rh8 Bxb2 42. Rxh4 Kd6 43. Rh7 f4 44. Rxb7 Bd4 45. Rb8 f3+ 46. Kf1 e3 47. gxf3
e2+ 48. Kxe2 g2 49. Rg8 g1=Q 50. Rxg1 Bxg1 51. Kd3 Ke5 52. h4 Bh2 53. Kc3 Bf4
54. Kb4 Bd2+ 55. Kc5 a5 56. Kb5 Kf4 57. c5 Ke5 58. f4+ Bxf4 59. Kxa5 Kd5 60. Kb5
Be3 61. c6 Kd6 62. a4 Kc7 63. a5 Kb8 64. h5 Kc7 65. a6 Kb8 66. Kc4 Bf4 67. Kd5
Ka7 68. Ke6 Kxa6 69. Kd7 Kb6 70. h6 1-0